Annotated bibliography on Acacia Mangium Willd (Record no. 43659)

MARC details
000 -LEADER
fixed length control field 00393nam a2200145Ia 4500
082 ## - DEWEY DECIMAL CLASSIFICATION NUMBER
Classification number 633.875:016
Item number WEI
100 ## - MAIN ENTRY--AUTHOR NAME
Personal name Weinland, G
245 #0 - TITLE STATEMENT
Title Annotated bibliography on Acacia Mangium Willd
250 ## - EDITION STATEMENT
Edition statement Ed.2
260 ## - PUBLICATION, DISTRIBUTION, ETC. (IMPRINT)
Place of publication Kuala Lumpur
Name of publisher FRIM
Year of publication 1992
490 ## - SERIES STATEMENT
Series statement Research Pamphlet No. 102
700 ## - ADDED ENTRY--PERSONAL NAME
Personal name Yahya, Ahmad Zuhaidi
942 ## - ADDED ENTRY ELEMENTS (KOHA)
Koha item type Books
Holdings
Withdrawn status Lost status Damaged status Not for loan Home library Current library Date acquired Source of acquisition Full call number Accession Number Koha item type
        RRII Library RRII Library 16/12/2021 Gift 633.875:016 WEI G00410 Books